GURU NANAK DEV JI LIFE, TEACHING AND TRAVELS (Record no. 8335)

MARC details
000 -LEADER
fixed length control field 00337nam a22001337a 4500
005 - DATE AND TIME OF LATEST TRANSACTION
control field 20230726115511.0
008 - FIXED-LENGTH DATA ELEMENTS--GENERAL INFORMATION
fixed length control field 230726b |||||||| |||| 00| 0 eng d
041 ## - LANGUAGE CODE
Language code of text/sound track or separate title eng
100 ## - MAIN ENTRY--AUTHOR NAME
Personal name SINGH. AVTAR
245 ## - TITLE STATEMENT
Title GURU NANAK DEV JI LIFE, TEACHING AND TRAVELS
260 ## - PUBLICATION, DISTRIBUTION, ETC. (IMPRINT)
Place of publication PATIALA
Name of publisher AZAD AWAZ PRINTERS
300 ## - PHYSICAL DESCRIPTION
Number of Pages 192;p
942 ## - ADDED ENTRY ELEMENTS (KOHA)
Koha item type Books
Holdings
Lost status Damaged status Collection code Home library Current library Shelving location Date acquired Source of acquisition Cost, normal purchase price Accession Number Koha item type
    LIFE SKILL JRU Library JRU Library SHELF-43-A 25/07/2023 DONATION 520.00 0007/D Books